| 000 | 00447cam a2200193ua 4500 | ||
|---|---|---|---|
| 020 | _cRs 1.50 | ||
| 041 |
_ahin _h |
||
| 082 |
_a891.54 _bKRI/KA |
||
| 100 | _aKrishnan, P . | ||
| 245 |
_aKavya pravesh / _cP Krishnan. _hTextual Documents |
||
| 250 |
_a1 / _b. |
||
| 260 |
_aCannanore : _bKrishnan P , _c1968. |
||
| 300 | _a72 ; . | ||
| 365 | _aRs 1.50 | ||
| 504 | _a | ||
| 942 | _cBK | ||
| 999 |
_c3650 _d3650 |
||